000 00647nam a2200241 i 4500
001 C2-0304669
003 PPAK
005 20180728085817.0
008 100613s2010 my |||| ||||| | may d
020 _a9789675226908
040 _aPPAK
_beng
_cPPAK
_erda
082 0 4 _a899.233
_223
090 0 0 _a899.233
_bAIN
_dG
100 0 _aAin Maisarah,
_eauthor
245 1 0 _aJuara rumah sukan
264 1 _aKuala Lumpur :
_bPTS Professional Publishing ,
_c2010
300 _avii, 259 pages ;
_c19 cm
336 _2rdacontent
_atext
337 _2rdamedia
_aunmediated
338 _2rdacarrier
_avolume
650 1 0 _aMalay fiction
942 _ddc
_cB
999 _c107792
_d107792